| 000 | 00555nam a2200181Ia 4500 | ||
|---|---|---|---|
| 003 | IN-BaIIA | ||
| 008 | 211028s9999 xx 000 0 eng d | ||
| 040 | _cIIA Library | ||
| 080 |
_a081:53 _bFER |
||
| 100 | _aFermi, Enrico | ||
| 245 | 0 |
_aCollected Papers _bvol. 1 _cEnrico Fermi |
|
| 260 |
_aChicago _bUniversity of Chicago Press _c1962 |
||
| 300 | _axlii, 1043p. | ||
| 650 |
_aCollected works-Enrico Fermi _94043 |
||
| 650 |
_aEnrico Fermi Collected Works _94044 |
||
| 650 | _aNASA Thesaurus | ||
| 942 | _cBK | ||
| 999 |
_c2246 _d2246 |
||